[Event "Rio de Janeiro op 3rd"]
[Site "Rio de Janeiro"]
[Date "2024.04.23"]
[Round "3"]
[White "Tamarozi, Isabelle"]
[Black "Felix, Raimundo Nascimento"]
[Result "1/2-1/2"]
[WhiteElo "2013"]
[BlackElo "1850"]
[PlyCount "105"]
[EventDate "2024.04.22"]
[EventType "swiss"]
[EventRounds "9"]
[EventCountry "BRA"]
[SourceTitle "CB18_2024"]
[SourceDate "2024.05.01"]
[SourceVersion "1"]
[SourceVersionDate "2024.05.01"]
[SourceQuality "2"]

1. e4 c5 2. Nf3 a6 3. c4 d6 4. d4 cxd4 5. Nxd4 Nf6 6. Nc3 g6 7. Be2 Bg7 8. 0-0 0-0 9. Be3 Nc6 10. Qd2 Ng4 11. Bxg4 Bxg4 12. Rac1 Rc8 13. b3 h5 14. Nd5 Kh7 15. a4 Nxd4 16. Bxd4 Bh6 17. Be3 Bg7 18. a5 Be6 19. Nb6 Rc6 20. Rcd1 Qe8 21. Rfe1 f6 22. Qd3 Qf7 23. Bd4 Bh6 24. Nd5 f5 25. Bb6 fxe4 26. Qxe4 Rxb6 27. Nxb6 Qxf2+ 28. Kh1 Bg4 29. Rb1 Rf7 30. Qd5 e6 31. Qxd6 Bf4 32. Qd3 Bf5 33. Qf3 Qxf3 34. gxf3 Bxb1 35. Rxb1 Bd2 36. Kg2 Bxa5 37. Na4 Bb4 38. Rd1 Kg7 39. Nb6 Rc7 40. Nd7 Be7 41. f4 Rc6 42. Re1 Bb4 43. Re2 Rd6 44. Ne5 Rd2 45. Rxd2 Bxd2 46. Kf3 Bb4 47. Ke4 Kf6 48. Nf3 Bc5 49. h3 b6 50. Ne5 g5 51. Nd7+ Kg6 52. Ne5+ Kf6 53. Nd7+ 1/2-1/2

[Event "Florianopolis op 10th"]
[Site "Florianopolis"]
[Date "2024.01.25"]
[Round "7"]
[White "Felix, Raimundo Nascimento"]
[Black "Lima, Vinicius Taishun"]
[Result "0-1"]
[WhiteElo "1749"]
[BlackElo "2047"]
[PlyCount "38"]
[EventDate "2024.01.20"]
[EventType "swiss"]
[EventRounds "10"]
[EventCountry "BRA"]
[SourceTitle "CB05_2024"]
[SourceDate "2024.01.31"]
[SourceVersion "1"]
[SourceVersionDate "2024.01.31"]
[SourceQuality "1"]

1. e4 c5 2. Nf3 d6 3. Nc3 Nc6 4. Bb5 Bd7 5. d3 g6 6. a3 Bg7 7. 0-0 Nf6 8. Bg5 h6 9. Bd2 0-0 10. Bc4 Rb8 11. Rb1 Bg4 12. h3 Bh5 13. g4 Nxg4 14. hxg4 Bxg4 15. d4 Nxd4 16. Be2 Nxe2+ 17. Qxe2 Qd7 18. Rfe1 Bh5 19. Kh1 Qh3+ 0-1

[Event "Florianopolis op 10th"]
[Site "Florianopolis"]
[Date "2024.01.23"]
[Round "5"]
[White "Felix, Raimundo Nascimento"]
[Black "Kayser, Gustavo Warmling"]
[Result "0-1"]
[WhiteElo "1749"]
[BlackElo "2029"]
[PlyCount "60"]
[EventDate "2024.01.20"]
[EventType "swiss"]
[EventRounds "10"]
[EventCountry "BRA"]
[SourceTitle "CB05_2024"]
[SourceDate "2024.01.31"]
[SourceVersion "1"]
[SourceVersionDate "2024.01.31"]
[SourceQuality "1"]

1. e4 c5 2. Nf3 Nc6 3. Nc3 Nf6 4. Bb5 d6 5. 0-0 g6 6. e5 Nh5 7. d4 Bd7 8. exd6 cxd4 9. dxe7 Bxe7 10. Nxd4 0-0 11. Nxc6 bxc6 12. Bc4 Bf6 13. Ne4 Bg7 14. Nc5 Qe7 15. Nxd7 Rfd8 16. Qf3 Qxd7 17. c3 h6 18. Be3 Qb7 19. Bb3 a5 20. Qe4 Kh7 21. Rab1 Nf6 22. Qh4 Nd5 23. Rfd1 Nxe3 24. Rxd8 Nf5 25. Qa4 Rxd8 26. Qxa5 Rd2 27. Qc5 h5 28. Qc4 Qa7 29. Qf4 Bh6 30. Qf3 Rxf2 0-1

[Event "Rio de Janeiro op 2nd"]
[Site "Rio de Janeiro"]
[Date "2023.05.04"]
[Round "5"]
[White "Campos, Alexandre Ferreira"]
[Black "Felix, Raimundo Nascimento"]
[Result "1-0"]
[WhiteElo "2049"]
[BlackElo "1811"]
[PlyCount "57"]
[EventDate "2023.05.02"]
[EventType "swiss"]
[EventRounds "9"]
[EventCountry "BRA"]
[SourceTitle "CBM 214 Extra"]
[Source "ChessBase"]
[SourceDate "2023.07.31"]
[SourceVersion "1"]
[SourceVersionDate "2023.07.31"]
[SourceQuality "1"]

1. c4 Nf6 2. Nc3 c6 3. e4 d5 4. e5 d4 5. exf6 dxc3 6. bxc3 exf6 7. d4 Bd6 8. Bd3 0-0 9. Ne2 Qc7 10. c5 Be7 11. Bf4 Qd7 12. 0-0 Re8 13. Qc2 g6 14. Rfe1 Bf8 15. Ng3 f5 16. Nf1 b5 17. Ne3 Na6 18. a4 b4 19. Nc4 b3 20. Qd2 Rxe1+ 21. Rxe1 Nc7 22. Ne5 Qd5 23. Bc4 Qd8 24. Nxf7 Qf6 25. Be5 Be6 26. Bxf6 Kxf7 27. Bxe6+ Nxe6 28. Be5 Rd8 29. Qb2 1-0

[Event "Rio de Janeiro op 2nd"]
[Site "Rio de Janeiro"]
[Date "2023.05.03"]
[Round "3"]
[White "Lage, Pedro Ferreira"]
[Black "Felix, Raimundo Nascimento"]
[Result "1-0"]
[WhiteElo "2080"]
[BlackElo "1811"]
[PlyCount "67"]
[EventDate "2023.05.02"]
[EventType "swiss"]
[EventRounds "9"]
[EventCountry "BRA"]
[SourceTitle "CBM 214 Extra"]
[Source "ChessBase"]
[SourceDate "2023.07.31"]
[SourceVersion "1"]
[SourceVersionDate "2023.07.31"]
[SourceQuality "1"]

1. Nf3 Nf6 2. c4 e6 3. g3 c6 4. Bg2 d5 5. 0-0 Be7 6. d4 Nbd7 7. Qc2 Ne4 8. Nfd2 f5 9. f3 Nxd2 10. Nxd2 0-0 11. e4 fxe4 12. fxe4 Rxf1+ 13. Nxf1 Nb6 14. c5 Nd7 15. Be3 Nf8 16. Nd2 Bd7 17. Rf1 Be8 18. Qd1 Bg6 19. Qg4 Bf6 20. Kh1 e5 21. exd5 cxd5 22. dxe5 Bxe5 23. Bg5 Bf6 24. Bxf6 gxf6 25. Qd4 Kg7 26. Bxd5 Ne6 27. Qc4 Nc7 28. Bxb7 Rb8 29. Ne4 Rxb7 30. Nxf6 Ne8 31. Qg8+ Kh6 32. Qf8+ Rg7 33. Ng8+ Kh5 34. Qf3+ 1-0

[Event "Florianopolis op 9th"]
[Site "Florianopolis"]
[Date "2023.01.25"]
[Round "4"]
[White "Rey, Antonio"]
[Black "Felix, Raimundo Nascimento"]
[Result "0-1"]
[WhiteElo "1434"]
[BlackElo "1848"]
[PlyCount "44"]
[EventDate "2023.01.23"]
[EventType "swiss"]
[EventRounds "10"]
[EventCountry "BRA"]
[SourceTitle "CBM 212 Extra"]
[Source "ChessBase"]
[SourceDate "2023.03.31"]
[SourceVersion "1"]
[SourceVersionDate "2023.03.31"]
[SourceQuality "1"]

1. c4 Nf6 2. g3 c6 3. Bg2 d5 4. cxd5 cxd5 5. d4 Nc6 6. Nf3 Bf5 7. a3 Qd7 8. h3 h6 9. Nc3 Rd8 10. Qb3 Na5 11. Qb5 Qxb5 12. Nxb5 Nb3 13. Bf4 Nxa1 14. Ne5 Rc8 15. 0-0 Nb3 16. Nxa7 Rc2 17. Nb5 g5 18. g4 Bh7 19. Bh2 Bg7 20. e3 0-0 21. Nc3 e6 22. Na4 Re8 0-1

[Event "Florianopolis op 9th"]
[Site "Florianopolis"]
[Date "2023.01.24"]
[Round "3"]
[White "Felix, Raimundo Nascimento"]
[Black "Soares, Rafael Tuma"]
[Result "0-1"]
[WhiteElo "1848"]
[BlackElo "1440"]
[PlyCount "108"]
[EventDate "2023.01.23"]
[EventType "swiss"]
[EventRounds "10"]
[EventCountry "BRA"]
[SourceTitle "CBM 212 Extra"]
[Source "ChessBase"]
[SourceDate "2023.03.31"]
[SourceVersion "1"]
[SourceVersionDate "2023.03.31"]
[SourceQuality "1"]

1. e4 c5 2. Nf3 d6 3. d4 cxd4 4. c3 Nf6 5. e5 dxe5 6. Nxe5 Nbd7 7. Qxd4 a6 8. Bc4 e6 9. 0-0 Nxe5 10. Qxe5 Bd6 11. Qd4 Qc7 12. g3 b5 13. Be2 Bb7 14. Nd2 Rd8 15. Qh4 Bc5 16. Nf3 Ne4 17. Bf4 Qb6 18. g4 Be7 19. Qh3 Qc6 20. Ne5 Qd5 21. Rfd1 Ng5 22. Rxd5 Nxh3+ 23. Kf1 Bxd5 24. Be3 Bg5 25. Bc5 Nf4 26. Bd1 Bf6 27. Nf3 Bc4+ 28. Kg1 Rd5 29. Be3 Nh3+ 30. Kg2 Ng5 31. Ne1 Rd7 32. f4 Bd5+ 33. Kg1 Nh3+ 34. Kf1 e5 35. g5 Be7 36. Bg4 Be6 37. f5 Bc4+ 38. Kg2 Nf4+ 39. Bxf4 exf4 40. Nf3 f6 41. gxf6 Bxf6 42. Bh5+ Bf7 43. Bg4 0-0 44. Re1 Re8 45. Kf2 Rxe1 46. Kxe1 Re7+ 47. Kd2 Bxa2 48. Ne1 Bc4 49. Nc2 Bg5 50. Bf3 Rd7+ 51. Ke1 Rd3 52. Nd4 Bf6 53. Be2 Rxd4 54. Bxc4+ Rxc4 0-1

[Event "Florianopolis op 8th"]
[Site "Florianopolis"]
[Date "2022.01.29"]
[Round "8"]
[White "Ramazzotte, Maicon Zilli"]
[Black "Felix, Raimundo Nascimento"]
[Result "0-1"]
[WhiteElo "1482"]
[BlackElo "1849"]
[PlyCount "21"]
[EventDate "2022.01.24"]
[EventType "swiss"]
[EventRounds "10"]
[EventCountry "BRA"]
[SourceTitle "EXT 2023"]
[Source "ChessBase"]
[SourceDate "2022.10.05"]
[SourceVersion "1"]
[SourceVersionDate "2022.10.05"]
[SourceQuality "1"]

1. d4 Nf6 2. c4 e6 3. Nc3 Bb4 4. Qc2 c5 5. e3 Nc6 6. dxc5 Bxc5 7. a3 d5 8. Nf3 0-0 9. Be2 a5 10. cxd5 Nxd5 11. 0-0 0-1

[Event "Florianopolis op 8th"]
[Site "Florianopolis"]
[Date "2022.01.25"]
[Round "3"]
[White "Felix, Raimundo Nascimento"]
[Black "Brand, Leticia Soethe"]
[Result "0-1"]
[WhiteElo "1849"]
[BlackElo "1471"]
[PlyCount "28"]
[EventDate "2022.01.24"]
[EventType "swiss"]
[EventRounds "10"]
[EventCountry "BRA"]
[SourceTitle "EXT 2023"]
[Source "ChessBase"]
[SourceDate "2022.10.05"]
[SourceVersion "1"]
[SourceVersionDate "2022.10.05"]
[SourceQuality "1"]

1. c4 c5 2. g3 Nc6 3. Bg2 g6 4. Nf3 Bg7 5. Nc3 e6 6. d3 Nge7 7. Ne4 d6 8. 0-0 0-0 9. Re1 b6 10. a3 f5 11. Ned2 Bb7 12. b4 Nd4 13. Ng5 h6 14. Nh3 Nec6 0-1

[Event "Florianopolis op 8th"]
[Site "Florianopolis"]
[Date "2022.01.25"]
[Round "2"]
[White "Tomiello, Lucas Costamilan"]
[Black "Felix, Raimundo Nascimento"]
[Result "1-0"]
[WhiteElo "2146"]
[BlackElo "1849"]
[PlyCount "145"]
[EventDate "2022.01.24"]
[EventType "swiss"]
[EventRounds "10"]
[EventCountry "BRA"]
[SourceTitle "CBM 206 Extra"]
[Source "ChessBase"]
[SourceDate "2022.03.31"]
[SourceVersion "1"]
[SourceVersionDate "2022.03.31"]
[SourceQuality "1"]

1. e4 e5 2. Nf3 Nf6 3. Nxe5 d6 4. Nf3 Nxe4 5. d4 d5 6. Bd3 Nf6 7. 0-0 Be7 8. Bg5 0-0 9. Nbd2 Re8 10. Re1 Nbd7 11. c3 Nf8 12. Qc2 Be6 13. Ne5 N6d7 14. Bxe7 Rxe7 15. f4 f6 16. Nef3 Qe8 17. Re2 Bg4 18. Rae1 Rxe2 19. Rxe2 Qf7 20. h3 Bxf3 21. Nxf3 Re8 22. Rxe8 Qxe8 23. Kf2 c6 24. g3 g6 25. f5 g5 26. Qb3 Nb6 27. a4 Qe7 28. a5 Nc8 29. c4 dxc4 30. Qxc4+ Kg7 31. a6 Nb6 32. Qc5 Qd7 33. Be4 Nc8 34. axb7 Qxb7 35. b4 Nd7 36. Qxc6 Qxc6 37. Bxc6 Ndb6 38. Ne1 Nd6 39. g4 h5 40. Nc2 Kf7 41. Ne3 hxg4 42. hxg4 Ke7 43. Ke2 Kd8 44. Kd3 Kc7 45. Bd5 Nb5 46. Bc4 Nd6 47. Bd5 Nb5 48. Bf3 Nd6 49. Nf1 Nd7 50. Nd2 Kb6 51. Nc4+ Kc7 52. Na5 Nb8 53. Nc4 Nb5 54. Ne3 Kd6 55. Nd5 Nd7 56. Nc3 Nxc3 57. Kxc3 Nb6 58. b5 Kc7 59. Kb4 Kd6 60. Be4 Nc8 61. Ka5 Kc7 62. Ka6 Kb8 63. Bd5 Nd6 64. b6 axb6 65. Kxb6 Kc8 66. Kc6 Ne8 67. Bf7 Nc7 68. d5 Kd8 69. Kd6 Nb5+ 70. Ke6 Nd4+ 71. Kxf6 Nf3 72. Be6 Kc7 73. Ke7 1-0

[Event "Rio Branco Regional Norte"]
[Site "Rio Branco"]
[Date "2021.11.27"]
[Round "5"]
[White "Farias, Robson da Costa"]
[Black "Felix, Raimundo Nascimento"]
[Result "1-0"]
[WhiteElo "1756"]
[BlackElo "1851"]
[PlyCount "85"]
[EventDate "2021.11.25"]
[EventType "swiss"]
[EventRounds "6"]
[EventCountry "BRA"]
[SourceTitle "CBM 205 Extra"]
[Source "ChessBase"]
[SourceDate "2022.01.31"]
[SourceVersion "1"]
[SourceVersionDate "2022.01.31"]
[SourceQuality "1"]

1. e4 c5 2. Nf3 Nc6 3. Bb5 Nd4 4. Be2 Nf6 5. d3 Nxe2 6. Qxe2 d6 7. h3 g6 8. 0-0 Bg7 9. c3 0-0 10. Bg5 b6 11. Nbd2 Bb7 12. Qe3 Re8 13. Bh6 Bh8 14. Ng5 Qd7 15. f4 e6 16. Qf2 d5 17. e5 Nh5 18. g4 Ng7 19. Qh4 Qe7 20. Rae1 f6 21. exf6 Qxf6 22. Ndf3 Re7 23. Bxg7 Bxg7 24. Qxh7+ Kf8 25. Ne5 Bc8 26. Nxg6+ Ke8 27. Nxe7 Kxe7 28. Qh4 Kd6 29. Qg3 Bd7 30. f5+ e5 31. h4 Kc6 32. Nf3 Re8 33. g5 Qd6 34. f6 Bf8 35. Rxe5 Be6 36. Rfe1 Kd7 37. Kg2 d4 38. c4 a6 39. g6 Bh6 40. g7 Be3 41. Ng5 Qc6+ 42. Kh2 Qa4 43. Rxe6 1-0

[Event "Goiania Barbosa Nunes Cup 1st"]
[Site "Goiania"]
[Date "2021.10.16"]
[Round "5"]
[White "Felix, Raimundo Nascimento"]
[Black "De Oliveira, Caio Guilherme Viei"]
[Result "1-0"]
[WhiteElo "1847"]
[BlackElo "1350"]
[PlyCount "75"]
[EventDate "2021.10.15"]
[EventType "swiss"]
[EventRounds "6"]
[EventCountry "BRA"]
[SourceTitle "EXT 2023"]
[Source "ChessBase"]
[SourceDate "2022.10.05"]
[SourceVersion "1"]
[SourceVersionDate "2022.10.05"]
[SourceQuality "1"]

1. c4 c5 2. g3 g6 3. Bg2 Bg7 4. Nf3 Nf6 5. Nc3 Nc6 6. 0-0 0-0 7. d3 Qb6 8. Ne4 Qd8 9. Nxc5 d6 10. Na4 Nd7 11. Rb1 a5 12. Bd2 Re8 13. a3 Nb6 14. Nxb6 Qxb6 15. b4 axb4 16. axb4 Ra2 17. Qb3 Ra8 18. b5 Na5 19. Qb4 Bd7 20. Bc3 Bxc3 21. Qxc3 Rec8 22. Qb2 e5 23. Ng5 Bf5 24. Ra1 Nc6 25. Rxa8 Rxa8 26. Ra1 Rxa1+ 27. Qxa1 Nd4 28. Qa2 Bg4 29. e3 Ne2+ 30. Kh1 Nc1 31. Qa3 Ne2 32. Bd5 Kg7 33. Nxf7 Qc7 34. Nxd6 Qb6 35. Ne8+ Kh6 36. Qf8+ Kg5 37. h4+ Kh5 38. Ng7+ 1-0

[Event "Florianopolis op 7th"]
[Site "Florianopolis"]
[Date "2021.01.23"]
[Round "9"]
[White "Felix, Raimundo Nascimento"]
[Black "Gomes, Carlos"]
[Result "1-0"]
[WhiteElo "1825"]
[BlackElo "1569"]
[PlyCount "79"]
[EventDate "2021.01.18"]
[EventType "swiss"]
[EventRounds "10"]
[EventCountry "BRA"]
[SourceTitle "CBM 200 Extra"]
[Source "ChessBase"]
[SourceDate "2021.03.31"]
[SourceVersion "1"]
[SourceVersionDate "2021.03.31"]
[SourceQuality "1"]

1. e4 e5 2. Nf3 Nc6 3. Bb5 a6 4. Bxc6 dxc6 5. d4 exd4 6. Qxd4 Qxd4 7. Nxd4 Bd7 8. Be3 0-0-0 9. Nc3 Bb4 10. Nde2 Nf6 11. f3 h6 12. 0-0-0 Rhe8 13. g4 Nh7 14. h4 Be7 15. Bd4 Bf6 16. Bxf6 Nxf6 17. g5 Ng8 18. Ng3 hxg5 19. hxg5 g6 20. Rh7 Rf8 21. Rg7 Be8 22. Rxd8+ Kxd8 23. Kd2 Ne7 24. Rh7 f6 25. gxf6 Rxf6 26. Ke3 Rf8 27. Nce2 c5 28. Nf4 Bd7 29. Rxe7 Kxe7 30. Nxg6+ Kf7 31. Nxf8 Kxf8 32. Kf4 Kf7 33. Ke5 b5 34. c3 Be6 35. a3 Bb3 36. f4 Bc4 37. f5 Bb3 38. Kf4 a5 39. e5 b4 40. Ne4 1-0

[Event "Florianopolis op 7th"]
[Site "Florianopolis"]
[Date "2021.01.18"]
[Round "1"]
[White "Felix, Raimundo Nascimento"]
[Black "Silva, Kaua Marques"]
[Result "0-1"]
[WhiteElo "1825"]
[BlackElo "2121"]
[PlyCount "138"]
[EventDate "2021.01.18"]
[EventType "swiss"]
[EventRounds "10"]
[EventCountry "BRA"]
[SourceTitle "CBM 200 Extra"]
[Source "ChessBase"]
[SourceDate "2021.03.31"]
[SourceVersion "1"]
[SourceVersionDate "2021.03.31"]
[SourceQuality "1"]

1. e4 c5 2. Nc3 Nc6 3. Nf3 e6 4. Bb5 Nge7 5. a3 a6 6. Be2 d5 7. exd5 Nxd5 8. 0-0 Nf6 9. Re1 Be7 10. Bc4 0-0 11. d3 b5 12. Ba2 Bb7 13. Qe2 Qc7 14. Bg5 Rac8 15. Qe3 b4 16. Ne4 Nxe4 17. dxe4 bxa3 18. Bxe7 Qxe7 19. Qxa3 Nb4 20. Bb3 c4 21. Ba4 Qc5 22. Qe3 c3 23. Qxc3 Qxc3 24. bxc3 Rxc3 25. Rab1 a5 26. h3 g6 27. Re2 Rfc8 28. Ne1 Bc6 29. Ra1 Rb8 30. f3 Bxa4 31. Rxa4 Nc6 32. Nd3 Rb5 33. Kf2 e5 34. Rd2 f6 35. Ke2 Nd4+ 36. Kd1 Rb1+ 37. Nc1 Rc5 38. c4 Rb4 39. Rda2 Rbxc4 40. Rxc4 Rxc4 41. Nd3 a4 42. Ra3 g5 43. Ne1 Kg7 44. Kd2 h5 45. Rc3 Rb4 46. Nd3 Rb1 47. Rc7+ Kg6 48. Ra7 Ra1 49. Ra6 Ra2+ 50. Kd1 Kg7 51. Ra7+ Kg6 52. Ra6 Kf7 53. Ra7+ Ke8 54. Ne1 a3 55. Ra6 Ke7 56. Ra7+ Kd6 57. Ra6+ Kc5 58. Rxf6 Ra1+ 59. Kd2 Rxe1 60. Kxe1 a2 61. Ra6 a1Q+ 62. Rxa1 Nc2+ 63. Kd2 Nxa1 64. Kd3 Nb3 65. g3 Nd4 66. f4 exf4 67. gxf4 gxf4 68. e5 Kd5 69. e6 Nxe6 0-1

[Event "Sao Paulo Carnaval op"]
[Site "Sao Paulo"]
[Date "2020.02.23"]
[Round "4"]
[White "De Melo Lima, Caio Fernandes"]
[Black "Felix, Raimundo Nascimento"]
[Result "0-1"]
[WhiteElo "1979"]
[BlackElo "1800"]
[PlyCount "60"]
[EventDate "2020.02.22"]
[EventType "swiss"]
[EventRounds "7"]
[EventCountry "BRA"]
[SourceTitle "CBM 195 Extra"]
[Source "ChessBase"]
[SourceDate "2020.05.31"]
[SourceVersion "1"]
[SourceVersionDate "2020.05.31"]
[SourceQuality "1"]

1. d4 Nf6 2. Bf4 c5 3. e3 Qb6 4. b3 d5 5. Nf3 Nc6 6. c3 Bf5 7. Be2 e6 8. 0-0 Be7 9. Nbd2 h6 10. Ne5 0-0 11. g4 Bh7 12. h4 Nxe5 13. dxe5 Nd7 14. Nf3 Be4 15. g5 hxg5 16. Nxg5 Bg6 17. h5 Bf5 18. Nf3 Qd8 19. Kh2 Kh7 20. Rg1 Rg8 21. Bd3 g5 22. Bxf5+ exf5 23. Qxd5 Rg7 24. Nxg5+ Bxg5 25. Bxg5 Rxg5 26. Rxg5 Qxg5 27. Qxf7+ Kh8 28. Rg1 Qh4+ 29. Kg2 Rg8+ 30. Kf1 Qh3+ 0-1

[Event "Sao Paulo Carnaval op"]
[Site "Sao Paulo"]
[Date "2020.02.23"]
[Round "3"]
[White "Felix, Raimundo Nascimento"]
[Black "Brujin, Homero"]
[Result "1-0"]
[WhiteElo "1800"]
[BlackElo "1476"]
[PlyCount "76"]
[EventDate "2020.02.22"]
[EventType "swiss"]
[EventRounds "7"]
[EventCountry "BRA"]
[SourceTitle "CBM 195 Extra"]
[Source "ChessBase"]
[SourceDate "2020.05.31"]
[SourceVersion "1"]
[SourceVersionDate "2020.05.31"]
[SourceQuality "1"]

1. e4 c5 2. Nc3 Nc6 3. Nf3 d6 4. g3 g6 5. Bg2 Bg7 6. 0-0 Nf6 7. d4 cxd4 8. Nxd4 0-0 9. Nxc6 bxc6 10. e5 dxe5 11. Bxc6 Rb8 12. Re1 Qb6 13. Bf3 Rd8 14. Qe2 Ba6 15. Qe3 Qxe3 16. Rxe3 Nd7 17. Nd5 Kf8 18. Ra3 Bc4 19. c3 Nb6 20. Nb4 e4 21. Bxe4 Rd1+ 22. Kg2 Bf1+ 23. Kf3 Nc4 24. Rxa7 Nd2+ 25. Bxd2 Rxa1 26. Nc6 Re8 27. Bc2 e5 28. g4 Rc8 29. Nb4 h6 30. Bb3 Bc4 31. Bxc4 Rxc4 32. b3 Rc8 33. c4 Rd1 34. Ke2 Rh1 35. Nd5 Rb8 36. Bb4+ Kg8 37. Bd6 Re8 38. c5 Bf8 1-0

[Event "Sao Paulo Carnaval op"]
[Site "Sao Paulo"]
[Date "2020.02.22"]
[Round "2"]
[White "Silva, Kaua Marques"]
[Black "Felix, Raimundo Nascimento"]
[Result "1-0"]
[WhiteElo "2141"]
[BlackElo "1800"]
[PlyCount "35"]
[EventDate "2020.02.22"]
[EventType "swiss"]
[EventRounds "7"]
[EventCountry "BRA"]
[SourceTitle "CBM 195 Extra"]
[Source "ChessBase"]
[SourceDate "2020.05.31"]
[SourceVersion "1"]
[SourceVersionDate "2020.05.31"]
[SourceQuality "1"]

1. e4 c5 2. Nf3 d6 3. d4 cxd4 4. Nxd4 Nf6 5. Nc3 g6 6. Be3 Bg7 7. f3 Nc6 8. Qd2 0-0 9. 0-0-0 Nxd4 10. Bxd4 Be6 11. h4 Qa5 12. a3 Rfc8 13. h5 Bc4 14. hxg6 hxg6 15. Rh3 Bxf1 16. Rxf1 Rc4 17. Rfh1 Rxd4 18. Rh8+ 1-0

[Event "Florianopolis op 6th"]
[Site "Florianopolis"]
[Date "2020.01.26"]
[Round "10"]
[White "Peixoto, Rudson Marinho"]
[Black "Felix, Raimundo Nascimento"]
[Result "1-0"]
[WhiteElo "1938"]
[BlackElo "1813"]
[PlyCount "69"]
[EventDate "2020.01.20"]
[EventType "swiss"]
[EventRounds "10"]
[EventCountry "BRA"]
[SourceTitle "CBM 194 Extra"]
[Source "ChessBase"]
[SourceDate "2020.03.31"]
[SourceVersion "1"]
[SourceVersionDate "2020.03.31"]
[SourceQuality "1"]

1. e4 c5 2. Nf3 d6 3. c3 Nf6 4. Bd3 Nc6 5. Bc2 Bg4 6. h3 Bh5 7. d3 e6 8. g4 Bg6 9. Bg5 Be7 10. Nbd2 h6 11. Bh4 Qc7 12. Qe2 0-0-0 13. Nc4 Rhf8 14. 0-0-0 b5 15. Ne3 a6 16. Bg3 Qa5 17. Kb1 Nd7 18. d4 Nb6 19. dxc5 dxc5 20. Ne5 Nxe5 21. Bxe5 f6 22. Bg3 Bf7 23. e5 Nd7 24. Qf3 Qb6 25. Qa8+ Nb8 26. Be4 Rxd1+ 27. Rxd1 Bd8 28. exf6 Bc7 29. Bxc7 Qxc7 30. fxg7 Rg8 31. Nf5 Rd8 32. Bb7+ Qxb7 33. Rxd8+ Kc7 34. Qxb7+ Kxb7 35. Nd6+ 1-0

[Event "Florianopolis op 6th"]
[Site "Florianopolis"]
[Date "2020.01.25"]
[Round "8"]
[White "Niehues, Luiz Cesar"]
[Black "Felix, Raimundo Nascimento"]
[Result "0-1"]
[WhiteElo "1507"]
[BlackElo "1813"]
[PlyCount "60"]
[EventDate "2020.01.20"]
[EventType "swiss"]
[EventRounds "10"]
[EventCountry "BRA"]
[SourceTitle "CBM 194 Extra"]
[Source "ChessBase"]
[SourceDate "2020.03.31"]
[SourceVersion "1"]
[SourceVersionDate "2020.03.31"]
[SourceQuality "1"]

1. d4 Nf6 2. Nf3 e6 3. c4 b6 4. Nc3 Bb4 5. e3 Ne4 6. Qc2 Bb7 7. a3 Bxc3+ 8. bxc3 0-0 9. Bd3 f5 10. Bb2 d6 11. 0-0-0 Nd7 12. Qe2 Qe7 13. Rdg1 Ndf6 14. Nd2 Nxd2 15. Qxd2 Ne4 16. Qe2 Nf6 17. f3 Rae8 18. h4 Qd7 19. h5 e5 20. Bc2 c5 21. d5 e4 22. Kd1 Ba6 23. fxe4 fxe4 24. h6 g6 25. Rh4 Re5 26. Rf1 g5 27. Rh3 Rxd5+ 28. Ke1 Rf5 29. Rxf5 Qxf5 30. Rf3 exf3 0-1

[Event "Florianopolis op 6th"]
[Site "Florianopolis"]
[Date "2020.01.23"]
[Round "6"]
[White "Felix, Raimundo Nascimento"]
[Black "Pimentel, Lucas Dos Santos"]
[Result "1-0"]
[WhiteElo "1813"]
[BlackElo "1353"]
[PlyCount "47"]
[EventDate "2020.01.20"]
[EventType "swiss"]
[EventRounds "10"]
[EventCountry "BRA"]
[SourceTitle "CBM 194 Extra"]
[Source "ChessBase"]
[SourceDate "2020.03.31"]
[SourceVersion "1"]
[SourceVersionDate "2020.03.31"]
[SourceQuality "1"]

1. e4 e6 2. d4 d5 3. Nd2 Nf6 4. e5 Nfd7 5. Bd3 c5 6. c3 Nc6 7. Ne2 Qb6 8. 0-0 cxd4 9. cxd4 Nxd4 10. Nxd4 Qxd4 11. Nf3 Qb6 12. Qa4 Be7 13. Qg4 Bf8 14. a3 Nc5 15. Bc2 Bd7 16. b4 Na6 17. Be3 Qd8 18. Bd3 f5 19. exf6 Qxf6 20. Bd4 e5 21. Qh5+ Qf7 22. Qxe5+ Be7 23. Rfe1 Qxf3 24. Qxe7# 1-0

[Event "Varandas Igarata op 1st"]
[Site "Sao Paulo"]
[Date "2019.12.28"]
[Round "2"]
[White "Claro, Rafael Cabral"]
[Black "Felix, Raimundo Nascimento"]
[Result "0-1"]
[WhiteElo "1019"]
[BlackElo "1822"]
[PlyCount "74"]
[EventDate "2019.12.27"]
[EventType "swiss"]
[EventRounds "5"]
[EventCountry "BRA"]
[SourceTitle "EXT 2021"]
[Source "ChessBase"]
[SourceDate "2020.10.23"]
[SourceVersion "1"]
[SourceVersionDate "2020.10.23"]
[SourceQuality "1"]

1. e4 c5 2. d4 cxd4 3. c3 dxc3 4. Nxc3 e6 5. Nf3 Nc6 6. Bc4 Qc7 7. Nb5 Qb8 8. 0-0 a6 9. Nc3 Nf6 10. Re1 Bc5 11. e5 Ng4 12. Rf1 Ncxe5 13. Nxe5 Nxe5 14. Bf4 d5 15. Bd3 Bd6 16. Re1 Nxd3 17. Bxd6 Qxd6 18. Qxd3 0-0 19. Re3 Rd8 20. Rh3 f5 21. Rg3 b5 22. Qe3 f4 23. Rxg7+ Kxg7 24. Qd4+ e5 25. Qd1 d4 26. Ne4 Qg6 27. Qf3 Bg4 28. Qd3 Bf5 29. Qa3 Bxe4 30. Qe7+ Kg8 31. Kf1 Bxg2+ 32. Ke1 Re8 33. Qxe5 Rxe5+ 34. Kd2 Bf3 35. Re1 Rxe1 36. Kxe1 Qd3 37. b3 Qe2# 0-1

[Event "Varandas Igarata op 1st"]
[Site "Sao Paulo"]
[Date "2019.12.28"]
[Round "3"]
[White "Nobre, Jose Adalberto Barb"]
[Black "Felix, Raimundo Nascimento"]
[Result "0-1"]
[WhiteElo "1631"]
[BlackElo "1822"]
[PlyCount "80"]
[EventDate "2019.12.27"]
[EventType "swiss"]
[EventRounds "5"]
[EventCountry "BRA"]
[SourceTitle "EXT 2021"]
[Source "ChessBase"]
[SourceDate "2020.10.23"]
[SourceVersion "1"]
[SourceVersionDate "2020.10.23"]
[SourceQuality "1"]

1. e4 c5 2. Nc3 Nc6 3. f4 d6 4. Nf3 g6 5. Bb5 Bg7 6. 0-0 e6 7. d3 Nge7 8. e5 a6 9. Bxc6+ Nxc6 10. Ne4 dxe5 11. fxe5 Nxe5 12. Bf4 Nxf3+ 13. Qxf3 0-0 14. Bd6 f5 15. Bxf8 Qxf8 16. Nc3 Qd6 17. Rae1 Rb8 18. Kh1 b5 19. Ne4 Qd5 20. Ng5 Qxf3 21. Rxf3 e5 22. Rfe3 f4 23. R3e2 Bg4 24. Nf3 h6 25. h3 Bh5 26. Re4 Bxf3 27. gxf3 Kf7 28. c3 Rd8 29. d4 cxd4 30. cxd4 Rxd4 31. Rxd4 exd4 32. b3 Bf6 33. Kg2 g5 34. Kf2 g4 35. Ke2 g3 36. Kd3 Kg6 37. Ke4 Kg5 38. Rg1 Kh4 39. Kxf4 Bg5+ 40. Ke4 Be3 0-1